Normal view
MARC view
- BAUTISTA, PAULINA F
Entry Personal Name
001 - CONTROL NUMBER
- control field: 79370
003 - CONTROL NUMBER IDENTIFIER
- control field: NUST
005 - DATE AND TIME OF LATEST TRANSACTION
- control field: 20210628210428.0
008 - FIXED-LENGTH DATA ELEMENTS
- fixed length control field: 210628|| aca||aabn | a|a d
040 ## - CATALOGING SOURCE
- Original cataloging agency: NUST
- Transcribing agency: NUST
100 ## - HEADING--PERSONAL NAME
- Personal name: BAUTISTA, PAULINA F
670 ## - SOURCE DATA FOUND
- Source citation: Work cat.: (NUST): BAUTISTA, PAULINA F, ACCELERATUING FAMILY PLANNING PROBLEMS AND APPROACHES PROCEEDINGS OF THE INTERNATIONAL PLANNED REGINAL CONFERENCE 21-27 MARCH 1971, 1971
